LIBRARY & INFORMATION CENTRE, KCAET, TAVANUR

ONLINE PUBLIC ACCESS CATALOGUE (OPAC)

Fundamentals of strength of materials (Record no. 14081)

MARC details
000 -LEADER
fixed length control field 00285nam a22001097a 4500
020 ## - INTERNATIONAL STANDARD BOOK NUMBER
ISBN 9788120346727
082 ## - DEWEY DECIMAL CLASSIFICATION NUMBER
Classification number 620.11
Item number CHA/FU
100 ## - MAIN ENTRY--AUTHOR NAME
Personal name Chandramouli, P.N
245 ## - TITLE STATEMENT
Title Fundamentals of strength of materials
260 ## - PUBLICATION, DISTRIBUTION, ETC. (IMPRINT)
Place of publication Delhi
Name of publisher PHI Learning Private Limited
Year of publication 2013
942 ## - ADDED ENTRY ELEMENTS (KOHA)
Koha item type Books
Holdings
Withdrawn status Lost status Damaged status Collection code Home library Current library Shelving location Date acquired Source of acquisition Cost, normal purchase price Full call number Accession Number Koha item type
        KAUAET KAUAET General Stacks 30/03/2013 Aman Book Stall, Calicut 525.00 620.11 CHA/FU 24047 Books
free website counter